[Event "Heldur Valgmäe I Rapid Memorial"]
[Site "Viljandi, Estonia"]
[Date "2021.07.03"]
[Round "1.1"]
[White "Maklakova, Nellija"]
[Black "Kulaots, Kaido"]
[Result "0-1"]
[WhiteElo "1823"]
[BlackElo "2560"]

1. c4 {[%clk 00:15:01]} {[%emt 00:00:03]} e5 {[%clk 00:15:01]} {[%emt
00:00:03]} 2. Nc3 {[%clk 00:15:01]} {[%emt 00:00:02]} Bb4 {[%clk 00:15:01]}
{[%emt 00:00:03]} 3. g3 {[%clk 00:14:57]} {[%emt 00:00:06]} Bxc3 {[%clk
00:14:54]} {[%emt 00:00:08]} 4. dxc3 {[%clk 00:14:54]} {[%emt 00:00:05]} d6
{[%clk 00:14:52]} {[%emt 00:00:04]} 5. Bg2 {[%clk 00:14:54]} {[%emt 00:00:01]}
Nc6 {[%clk 00:14:08]} {[%emt 00:00:46]} 6. Nf3 {[%clk 00:14:50]} {[%emt
00:00:06]} f5 {[%clk 00:13:31]} {[%emt 00:00:38]} 7. O-O {[%clk 00:14:11]}
{[%emt 00:00:41]} Nf6 {[%clk 00:13:29]} {[%emt 00:00:05]} 8. b4 {[%clk
00:13:56]} {[%emt 00:00:17]} O-O {[%clk 00:13:07]} {[%emt 00:00:23]} 9. c5
{[%clk 00:13:33]} {[%emt 00:00:25]} Kh8 {[%clk 00:10:54]} {[%emt 00:02:15]} 10.
cxd6 {[%clk 00:13:20]} {[%emt 00:00:15]} cxd6 {[%clk 00:10:54]} {[%emt
00:00:02]} 11. Qb3 {[%clk 00:12:35]} {[%emt 00:00:48]} a6 {[%clk 00:08:03]}
{[%emt 00:02:52]} 12. Rd1 {[%clk 00:12:28]} {[%emt 00:00:09]} Qe7 {[%clk
00:07:57]} {[%emt 00:00:08]} 13. c4 {[%clk 00:12:10]} {[%emt 00:00:21]} Be6
{[%clk 00:07:52]} {[%emt 00:00:06]} 14. Bb2 {[%clk 00:11:38]} {[%emt 00:00:34]}
b5 {[%clk 00:07:25]} {[%emt 00:00:30]} 15. Ng5 {[%clk 00:10:53]} {[%emt
00:00:47]} Bxc4 {[%clk 00:06:14]} {[%emt 00:01:13]} 16. Qc2 {[%clk 00:10:53]}
{[%emt 00:00:02]} e4 {[%clk 00:05:59]} {[%emt 00:00:17]} 17. Qd2 {[%clk
00:09:52]} {[%emt 00:01:04]} d5 {[%clk 00:05:52]} {[%emt 00:00:09]} 18. a3
{[%clk 00:09:32]} {[%emt 00:00:22]} d4 {[%clk 00:05:27]} {[%emt 00:00:26]} 19.
Bxd4 {[%clk 00:09:09]} {[%emt 00:00:26]} Nxd4 {[%clk 00:05:24]} {[%emt
00:00:04]} 20. Qxd4 {[%clk 00:09:09]} {[%emt 00:00:02]} Bxe2 {[%clk 00:05:24]}
{[%emt 00:00:02]} 21. Qd6 {[%clk 00:08:39]} {[%emt 00:00:33]} Qxd6 {[%clk
00:04:25]} {[%emt 00:01:01]} 22. Rxd6 {[%clk 00:08:40]} {[%emt 00:00:02]} Bc4
{[%clk 00:04:25]} {[%emt 00:00:01]} 23. Rad1 {[%clk 00:08:12]} {[%emt
00:00:29]} Rfe8 {[%clk 00:04:07]} {[%emt 00:00:20]} 24. Bf1 {[%clk 00:07:52]}
{[%emt 00:00:22]} Bb3 {[%clk 00:04:07]} {[%emt 00:00:02]} 25. R1d4 {[%clk
00:07:22]} {[%emt 00:00:32]} Kg8 {[%clk 00:03:44]} {[%emt 00:00:24]} 26. Rb6
{[%clk 00:06:55]} {[%emt 00:00:29]} h6 {[%clk 00:03:15]} {[%emt 00:00:32]} 27.
Nh3 {[%clk 00:06:56]} {[%emt 00:00:01]} Nd5 {[%clk 00:03:02]} {[%emt 00:00:15]}
28. Rb7 {[%clk 00:05:59]} {[%emt 00:00:59]} Kf8 {[%clk 00:02:45]} {[%emt
00:00:18]} 29. Nf4 {[%clk 00:04:44]} {[%emt 00:01:17]} Nxf4 {[%clk 00:02:44]}
{[%emt 00:00:03]} 30. gxf4 {[%clk 00:04:45]} Re7 {[%clk 00:02:28]} {[%emt
00:00:19]} 31. Rb6 {[%clk 00:04:38]} {[%emt 00:00:09]} Re6 {[%clk 00:01:54]}
{[%emt 00:00:36]} 32. Rdd6 {[%clk 00:04:05]} {[%emt 00:00:35]} Ke7 {[%clk
00:01:28]} {[%emt 00:00:27]} 33. Rxe6+ {[%clk 00:03:03]} {[%emt 00:01:04]} Bxe6
{[%clk 00:01:29]} 34. Rb7+ {[%clk 00:02:26]} {[%emt 00:00:39]} Kd6 {[%clk
00:01:17]} {[%emt 00:00:14]} 35. Rxg7 {[%clk 00:02:25]} {[%emt 00:00:03]} Rg8
{[%clk 00:01:18]} 36. Rxg8 {[%clk 00:02:23]} {[%emt 00:00:04]} Bxg8 {[%clk
00:01:19]} 37. f3 {[%clk 00:02:20]} {[%emt 00:00:06]} e3 {[%clk 00:01:05]}
{[%emt 00:00:15]} 38. Bd3 {[%clk 00:02:16]} {[%emt 00:00:05]} Be6 {[%clk
00:01:04]} {[%emt 00:00:03]} 39. Kf1 {[%clk 00:02:12]} {[%emt 00:00:06]} Kd5
{[%clk 00:01:03]} {[%emt 00:00:03]} 40. Ke2 {[%clk 00:02:11]} {[%emt 00:00:03]}
Kd4 {[%clk 00:01:04]} 41. Bb1 {[%clk 00:01:55]} {[%emt 00:00:18]} Bc4+ {[%clk
00:00:51]} {[%emt 00:00:16]} 42. Ke1 {[%clk 00:01:50]} {[%emt 00:00:08]} Bd3
{[%clk 00:00:49]} {[%emt 00:00:03]} 43. Ba2 {[%clk 00:01:41]} {[%emt 00:00:11]}
0-1

[Event "Heldur Valgmäe I Rapid Memorial"]
[Site "Viljandi, Estonia"]
[Date "2021.07.03"]
[Round "1.2"]
[White "Laurusas, Tomas"]
[Black "Bazilius, Augustinas"]
[Result "1-0"]
[WhiteElo "2576"]
[BlackElo "1815"]

1. d4 {[%clk 00:15:01]} {[%emt 00:00:02]} Nf6 {[%clk 00:15:03]} {[%emt
00:00:01]} 2. Bf4 {[%clk 00:15:00]} {[%emt 00:00:04]} g6 {[%clk 00:15:03]}
{[%emt 00:00:02]} 3. e3 {[%clk 00:15:00]} {[%emt 00:00:01]} Bg7 {[%clk
00:15:04]} 4. Nf3 {[%clk 00:14:59]} {[%emt 00:00:04]} O-O {[%clk 00:15:03]}
{[%emt 00:00:02]} 5. Be2 {[%clk 00:15:00]} {[%emt 00:00:02]} d6 {[%clk
00:15:04]} {[%emt 00:00:02]} 6. h3 {[%clk 00:15:00]} {[%emt 00:00:02]} Nbd7
{[%clk 00:14:59]} {[%emt 00:00:07]} 7. Bh2 {[%clk 00:14:59]} {[%emt 00:00:03]}
c5 {[%clk 00:14:43]} {[%emt 00:00:19]} 8. c3 {[%clk 00:14:59]} {[%emt
00:00:02]} b6 {[%clk 00:14:28]} {[%emt 00:00:18]} 9. O-O {[%clk 00:14:58]}
{[%emt 00:00:02]} Bb7 {[%clk 00:14:26]} {[%emt 00:00:04]} 10. a4 {[%clk
00:14:59]} {[%emt 00:00:02]} a6 {[%clk 00:14:13]} {[%emt 00:00:16]} 11. Nbd2
{[%clk 00:14:53]} {[%emt 00:00:07]} Qc7 {[%clk 00:14:06]} {[%emt 00:00:09]} 12.
Re1 {[%clk 00:14:52]} {[%emt 00:00:03]} Bc6 {[%clk 00:13:20]} {[%emt 00:00:49]}
13. c4 {[%clk 00:14:17]} {[%emt 00:00:37]} Rab8 {[%clk 00:11:42]} {[%emt
00:01:40]} 14. d5 {[%clk 00:14:03]} {[%emt 00:00:16]} Ba8 {[%clk 00:11:39]}
{[%emt 00:00:05]} 15. e4 {[%clk 00:14:04]} {[%emt 00:00:01]} Ne8 {[%clk
00:10:48]} {[%emt 00:00:53]} 16. Qc2 {[%clk 00:13:57]} {[%emt 00:00:09]} Qd8
{[%clk 00:10:41]} {[%emt 00:00:09]} 17. Bf1 {[%clk 00:11:31]} {[%emt 00:02:28]}
f6 {[%clk 00:09:59]} {[%emt 00:00:43]} 18. Nb1 {[%clk 00:11:15]} {[%emt
00:00:18]} Nc7 {[%clk 00:09:10]} {[%emt 00:00:51]} 19. Nc3 {[%clk 00:11:14]}
{[%emt 00:00:02]} Ne5 {[%clk 00:09:11]} {[%emt 00:00:01]} 20. Nd2 {[%clk
00:11:02]} {[%emt 00:00:14]} Qd7 {[%clk 00:08:38]} {[%emt 00:00:36]} 21. f4
{[%clk 00:10:44]} {[%emt 00:00:20]} Nf7 {[%clk 00:08:39]} {[%emt 00:00:01]} 22.
Bd3 {[%clk 00:10:45]} e5 {[%clk 00:06:16]} {[%emt 00:02:26]} 23. dxe6 {[%clk
00:10:25]} {[%emt 00:00:22]} Nxe6 {[%clk 00:06:05]} {[%emt 00:00:13]} 24. Nf3
{[%clk 00:10:25]} {[%emt 00:00:02]} Nfd8 {[%clk 00:05:50]} {[%emt 00:00:17]} 25.
f5 {[%clk 00:09:59]} {[%emt 00:00:28]} Nc7 {[%clk 00:04:58]} {[%emt 00:00:54]}
26. fxg6 {[%clk 00:08:54]} {[%emt 00:01:07]} hxg6 {[%clk 00:04:58]} {[%emt
00:00:02]} 27. Nh4 {[%clk 00:08:56]} g5 {[%clk 00:03:22]} {[%emt 00:01:38]} 28.
Nf5 {[%clk 00:08:53]} {[%emt 00:00:04]} Nf7 {[%clk 00:03:04]} {[%emt 00:00:21]}
29. Rad1 {[%clk 00:08:36]} {[%emt 00:00:18]} Rfd8 {[%clk 00:02:49]} {[%emt
00:00:17]} 30. Be2 {[%clk 00:08:13]} {[%emt 00:00:25]} Bf8 {[%clk 00:02:39]}
{[%emt 00:00:12]} 31. Bg4 {[%clk 00:07:43]} {[%emt 00:00:32]} Qc6 {[%clk
00:02:32]} {[%emt 00:00:09]} 32. Nd5 {[%clk 00:07:44]} {[%emt 00:00:01]} Nxd5
{[%clk 00:02:16]} {[%emt 00:00:18]} 33. exd5 {[%clk 00:07:45]} Qc7 {[%clk
00:02:11]} {[%emt 00:00:08]} 34. Re6 {[%clk 00:07:45]} {[%emt 00:00:02]} Bg7
{[%clk 00:01:55]} {[%emt 00:00:19]} 35. Re7 {[%clk 00:07:42]} {[%emt 00:00:05]}
Rd7 {[%clk 00:01:28]} {[%emt 00:00:29]} 36. Rxd7 {[%clk 00:07:42]} {[%emt
00:00:02]} Qxd7 {[%clk 00:01:29]} 37. Nh6+ {[%clk 00:07:43]} 1-0

[Event "Heldur Valgmäe I Rapid Memorial"]
[Site "Viljandi, Estonia"]
[Date "2021.07.03"]
[Round "1.3"]
[White "Mogilny, Evgeny"]
[Black "Pultinevicius, Paulius"]
[Result "0-1"]
[WhiteElo "1809"]
[BlackElo "2519"]

1. d4 {[%clk 00:15:01]} {[%emt 00:00:01]} Nf6 {[%clk 00:15:02]} {[%emt
00:00:03]} 2. Bf4 {[%clk 00:15:01]} {[%emt 00:00:02]} c5 {[%clk 00:14:41]}
{[%emt 00:00:25]} 3. e3 {[%clk 00:14:55]} {[%emt 00:00:07]} d5 {[%clk
00:14:41]} {[%emt 00:00:02]} 4. c3 {[%clk 00:14:42]} {[%emt 00:00:15]} e6
{[%clk 00:14:07]} {[%emt 00:00:37]} 5. Nd2 {[%clk 00:14:36]} {[%emt 00:00:08]}
Bd6 {[%clk 00:13:50]} {[%emt 00:00:19]} 6. Bg3 {[%clk 00:14:32]} {[%emt
00:00:06]} O-O {[%clk 00:13:39]} {[%emt 00:00:13]} 7. Ngf3 {[%clk 00:14:33]}
Qc7 {[%clk 00:13:39]} {[%emt 00:00:04]} 8. Be2 {[%clk 00:13:53]} {[%emt
00:00:41]} Nbd7 {[%clk 00:13:38]} {[%emt 00:00:03]} 9. O-O {[%clk 00:13:51]}
{[%emt 00:00:03]} Bxg3 {[%clk 00:13:11]} {[%emt 00:00:29]} 10. hxg3 {[%clk
00:13:51]} {[%emt 00:00:03]} e5 {[%clk 00:13:12]} {[%emt 00:00:02]} 11. dxe5
{[%clk 00:13:48]} {[%emt 00:00:04]} Nxe5 {[%clk 00:13:12]} {[%emt 00:00:02]} 12.
Nxe5 {[%clk 00:13:29]} {[%emt 00:00:21]} Qxe5 {[%clk 00:13:12]} {[%emt
00:00:03]} 13. Nf3 {[%clk 00:13:29]} Qc7 {[%clk 00:12:58]} {[%emt 00:00:17]} 14.
c4 {[%clk 00:13:10]} {[%emt 00:00:21]} dxc4 {[%clk 00:12:39]} {[%emt 00:00:21]}
15. Bxc4 {[%clk 00:13:10]} {[%emt 00:00:01]} a6 {[%clk 00:12:39]} {[%emt
00:00:03]} 16. Qc2 {[%clk 00:13:07]} {[%emt 00:00:04]} b5 {[%clk 00:12:33]}
{[%emt 00:00:09]} 17. Bd3 {[%clk 00:13:06]} {[%emt 00:00:03]} Bb7 {[%clk
00:12:29]} {[%emt 00:00:07]} 18. Rac1 {[%clk 00:12:59]} {[%emt 00:00:08]} Qa5
{[%clk 00:11:56]} {[%emt 00:00:35]} 19. a3 {[%clk 00:12:53]} {[%emt 00:00:08]}
c4 {[%clk 00:11:52]} {[%emt 00:00:06]} 20. Be2 {[%clk 00:12:49]} {[%emt
00:00:06]} Rfe8 {[%clk 00:11:04]} {[%emt 00:00:50]} 21. Nd4 {[%clk 00:12:33]}
{[%emt 00:00:18]} g6 {[%clk 00:10:52]} {[%emt 00:00:15]} 22. Bf3 {[%clk
00:12:34]} {[%emt 00:00:01]} Ne4 {[%clk 00:10:50]} {[%emt 00:00:04]} 23. Bxe4
{[%clk 00:12:08]} {[%emt 00:00:27]} Rxe4 {[%clk 00:10:47]} {[%emt 00:00:05]} 24.
Qc3 {[%clk 00:12:08]} {[%emt 00:00:02]} Qb6 {[%clk 00:10:39]} {[%emt 00:00:11]}
25. Rfd1 {[%clk 00:11:51]} {[%emt 00:00:17]} Rae8 {[%clk 00:10:39]} {[%emt
00:00:03]} 26. Nf3 {[%clk 00:11:43]} {[%emt 00:00:10]} R4e7 {[%clk 00:10:07]}
{[%emt 00:00:34]} 27. Qd4 {[%clk 00:11:33]} {[%emt 00:00:12]} Qc6 {[%clk
00:09:27]} {[%emt 00:00:43]} 28. Qd6 {[%clk 00:11:30]} {[%emt 00:00:04]} Qc8
{[%clk 00:09:21]} {[%emt 00:00:07]} 29. Rd4 {[%clk 00:11:22]} {[%emt 00:00:11]}
Qa8 {[%clk 00:09:12]} {[%emt 00:00:11]} 30. Ne1 {[%clk 00:11:13]} {[%emt
00:00:11]} Re6 {[%clk 00:07:10]} {[%emt 00:02:05]} 31. Qf4 {[%clk 00:11:12]}
{[%emt 00:00:02]} Re4 {[%clk 00:07:06]} {[%emt 00:00:06]} 32. Qd6 {[%clk
00:11:08]} {[%emt 00:00:06]} Rxd4 {[%clk 00:07:06]} {[%emt 00:00:02]} 33. Qxd4
{[%clk 00:11:08]} {[%emt 00:00:02]} Rd8 {[%clk 00:07:07]} {[%emt 00:00:02]} 34.
Qc3 {[%clk 00:11:07]} {[%emt 00:00:02]} Be4 {[%clk 00:07:00]} {[%emt 00:00:09]}
35. b3 {[%clk 00:11:03]} {[%emt 00:00:06]} cxb3 {[%clk 00:06:57]} {[%emt
00:00:06]} 36. Qxb3 {[%clk 00:11:04]} {[%emt 00:00:01]} Rc8 {[%clk 00:06:52]}
{[%emt 00:00:07]} 37. Rc3 {[%clk 00:10:42]} {[%emt 00:00:24]} Rxc3 {[%clk
00:06:43]} {[%emt 00:00:10]} 38. Qxc3 {[%clk 00:10:42]} {[%emt 00:00:01]} a5
{[%clk 00:06:44]} {[%emt 00:00:02]} 39. f3 {[%clk 00:10:40]} {[%emt 00:00:03]}
Bf5 {[%clk 00:06:29]} {[%emt 00:00:17]} 40. Qc5 {[%clk 00:10:32]} {[%emt
00:00:10]} Qb7 {[%clk 00:06:23]} {[%emt 00:00:09]} 41. e4 {[%clk 00:10:31]}
{[%emt 00:00:02]} Be6 {[%clk 00:05:40]} {[%emt 00:00:46]} 42. Nc2 {[%clk
00:10:31]} {[%emt 00:00:02]} Qb8 {[%clk 00:05:11]} {[%emt 00:00:31]} 43. Kf2
{[%clk 00:10:30]} {[%emt 00:00:03]} h5 {[%clk 00:05:10]} {[%emt 00:00:04]} 44.
Nd4 {[%clk 00:10:23]} {[%emt 00:00:09]} Bd7 {[%clk 00:05:11]} {[%emt 00:00:01]}
45. Nc2 {[%clk 00:09:58]} {[%emt 00:00:27]} Qf8 {[%clk 00:04:40]} {[%emt
00:00:33]} 46. Qa7 {[%clk 00:09:43]} {[%emt 00:00:17]} Qc8 {[%clk 00:04:28]}
{[%emt 00:00:14]} 47. Nd4 {[%clk 00:09:38]} {[%emt 00:00:07]} Qd8 {[%clk
00:03:55]} {[%emt 00:00:36]} 48. f4 {[%clk 00:09:31]} {[%emt 00:00:08]} b4
{[%clk 00:03:53]} {[%emt 00:00:04]} 49. axb4 {[%clk 00:09:31]} {[%emt
00:00:02]} axb4 {[%clk 00:03:54]} 50. Qc5 {[%clk 00:09:26]} {[%emt 00:00:07]}
Qb8 {[%clk 00:03:56]} {[%emt 00:00:01]} 51. Nb3 {[%clk 00:09:02]} {[%emt
00:00:26]} Be6 {[%clk 00:03:57]} 52. Qe3 {[%clk 00:09:00]} {[%emt 00:00:03]}
Bxb3 {[%clk 00:03:56]} {[%emt 00:00:03]} 53. Qxb3 {[%clk 00:09:01]} Qb6+ {[%clk
00:03:57]} {[%emt 00:00:02]} 54. Kf3 {[%clk 00:09:01]} {[%emt 00:00:01]} Qc5
{[%clk 00:03:58]} {[%emt 00:00:01]} 55. Ke2 {[%clk 00:09:02]} {[%emt 00:00:05]}
Qd4 {[%clk 00:03:38]} {[%emt 00:00:22]} 56. e5 {[%clk 00:08:56]} {[%emt
00:00:08]} Qe4+ {[%clk 00:03:34]} {[%emt 00:00:06]} 57. Kf2 {[%clk 00:08:52]}
{[%emt 00:00:06]} h4 {[%clk 00:03:35]} {[%emt 00:00:02]} 58. Qa4 {[%clk
00:08:15]} {[%emt 00:00:39]} Qd4+ {[%clk 00:03:34]} {[%emt 00:00:04]} 59. Kf3
{[%emt 00:00:12]} Qd3+ {[%clk 00:03:33]} 60. Kg4 {[%clk 00:07:56]} {[%emt
00:00:13]} Qxg3# {[%clk 00:03:33]} {[%emt 00:00:02]} 0-1

[Event "Heldur Valgmäe I Rapid Memorial"]
[Site "Viljandi, Estonia"]
[Date "2021.07.03"]
[Round "1.4"]
[White "Volodin, Aleksandr"]
[Black "Tolmacevs, Artjoms"]
[Result "1-0"]
[WhiteElo "2518"]
[BlackElo "1808"]

1. d4 {[%clk 00:15:01]} {[%emt 00:00:02]} Nf6 {[%clk 00:15:03]} {[%emt
00:00:02]} 2. c4 {[%clk 00:15:02]} {[%emt 00:00:01]} c5 {[%clk 00:15:04]} 3. d5
{[%clk 00:15:03]} {[%emt 00:00:02]} b5 {[%clk 00:15:05]} 4. Bg5 {[%clk
00:15:04]} {[%emt 00:00:02]} b4 {[%clk 00:14:04]} {[%emt 00:01:03]} 5. Nd2
{[%clk 00:14:44]} {[%emt 00:00:22]} g6 {[%clk 00:13:51]} {[%emt 00:00:15]} 6.
e4 {[%clk 00:14:43]} {[%emt 00:00:03]} d6 {[%clk 00:13:44]} {[%emt 00:00:09]} 7.
f4 {[%clk 00:14:41]} {[%emt 00:00:04]} h6 {[%clk 00:13:04]} {[%emt 00:00:42]} 8.
Bh4 {[%clk 00:14:18]} {[%emt 00:00:24]} Bg7 {[%clk 00:12:33]} {[%emt 00:00:34]}
9. Ngf3 {[%clk 00:14:12]} {[%emt 00:00:07]} Nbd7 {[%clk 00:12:02]} {[%emt
00:00:33]} 10. Bd3 {[%clk 00:13:31]} {[%emt 00:00:44]} O-O {[%clk 00:11:36]}
{[%emt 00:00:28]} 11. O-O {[%clk 00:13:18]} {[%emt 00:00:14]} Nh5 {[%clk
00:09:32]} {[%emt 00:02:07]} 12. f5 {[%clk 00:10:09]} {[%emt 00:03:11]} g5
{[%clk 00:08:59]} {[%emt 00:00:35]} 13. Bf2 {[%clk 00:09:08]} {[%emt 00:01:03]}
Bxb2 {[%clk 00:07:55]} {[%emt 00:01:07]} 14. Rb1 {[%clk 00:09:09]} Bg7 {[%clk
00:07:55]} {[%emt 00:00:03]} 15. Be3 {[%clk 00:08:48]} {[%emt 00:00:22]} Nhf6
{[%clk 00:07:09]} {[%emt 00:00:48]} 16. h3 {[%clk 00:08:35]} {[%emt 00:00:15]}
a5 {[%clk 00:05:15]} {[%emt 00:01:56]} 17. g4 {[%clk 00:08:35]} {[%emt
00:00:02]} a4 {[%clk 00:04:56]} {[%emt 00:00:21]} 18. Rf2 {[%clk 00:08:36]} Nb6
{[%clk 00:03:08]} {[%emt 00:01:51]} 19. Rg2 {[%clk 00:08:21]} {[%emt 00:00:16]}
a3 {[%clk 00:03:08]} {[%emt 00:00:03]} 20. h4 {[%clk 00:08:19]} {[%emt
00:00:03]} Na4 {[%clk 00:02:57]} {[%emt 00:00:13]} 21. Qc2 {[%clk 00:07:52]}
{[%emt 00:00:29]} Nc3 {[%clk 00:02:45]} {[%emt 00:00:14]} 22. Re1 {[%clk
00:07:40]} {[%emt 00:00:13]} gxh4 {[%clk 00:02:00]} {[%emt 00:00:48]} 23. g5
{[%clk 00:07:31]} {[%emt 00:00:12]} hxg5 {[%clk 00:01:59]} {[%emt 00:00:02]} 24.
Nxg5 {[%clk 00:07:02]} {[%emt 00:00:32]} Nd7 {[%clk 00:01:10]} {[%emt
00:00:52]} 25. Ndf3 {[%clk 00:06:58]} {[%emt 00:00:05]} Ne5 {[%clk 00:00:31]}
{[%emt 00:00:42]} 26. Nxe5 {[%clk 00:06:56]} {[%emt 00:00:04]} dxe5 {[%clk
00:00:32]} 27. Bxc5 {[%clk 00:06:29]} {[%emt 00:00:29]} f6 {[%clk 00:00:33]}
{[%emt 00:00:01]} 28. Bxb4 {[%clk 00:06:18]} {[%emt 00:00:12]} fxg5 {[%clk
00:00:34]} {[%emt 00:00:01]} 29. Bxc3 {[%clk 00:06:18]} {[%emt 00:00:02]} Bf6
{[%clk 00:00:32]} {[%emt 00:00:03]} 30. Bd2 {[%clk 00:06:20]} Kf7 {[%clk
00:00:34]} {[%emt 00:00:03]} 31. Bxg5 {[%clk 00:06:18]} {[%emt 00:00:02]} Bxg5
{[%clk 00:00:34]} 32. Rxg5 {[%emt 00:00:03]} Rg8 33. Qg2 {[%clk 00:04:45]}
{[%emt 00:01:35]} Ba6 {[%clk 00:00:16]} {[%emt 00:00:22]} 34. Kh1 {[%clk
00:04:34]} {[%emt 00:00:13]} Qa5 {[%clk 00:00:11]} {[%emt 00:00:07]} 35. Rg1
{[%clk 00:04:31]} {[%emt 00:00:04]} Rxg5 {[%clk 00:00:09]} {[%emt 00:00:04]} 36.
Qxg5 {[%clk 00:04:32]} Qb6 {[%clk 00:00:06]} {[%emt 00:00:06]} 37. Qh5+ {[%clk
00:04:16]} {[%emt 00:00:17]} Kf8 {[%clk 00:00:03]} {[%emt 00:00:06]} 38. Qh8+
{[%clk 00:04:16]} {[%emt 00:00:01]} Kf7 {[%clk 00:00:05]} 39. Rg7+ {[%clk
00:04:14]} {[%emt 00:00:04]} Kf6 {[%clk 00:00:05]} {[%emt 00:00:01]} 40. Qh6#
{[%emt 00:00:01]} 1-0

[Event "Heldur Valgmäe I Rapid Memorial"]
[Site "Viljandi, Estonia"]
[Date "2021.07.03"]
[Round "1.6"]
[White "Miezis, Normunds"]
[Black "Raide, Sivert"]
[Result "1-0"]
[WhiteElo "2437"]
[BlackElo "1776"]

1. c4 {[%clk 00:15:00]} {[%emt 00:00:03]} c5 {[%clk 00:14:59]} {[%emt
00:00:05]} 2. Nc3 {[%clk 00:14:59]} {[%emt 00:00:03]} Nf6 {[%clk 00:14:59]}
{[%emt 00:00:03]} 3. g3 {[%clk 00:14:54]} {[%emt 00:00:07]} e6 {[%clk
00:14:48]} {[%emt 00:00:13]} 4. Bg2 {[%clk 00:14:46]} {[%emt 00:00:10]} d5
{[%clk 00:14:32]} {[%emt 00:00:19]} 5. cxd5 {[%clk 00:14:38]} {[%emt 00:00:08]}
exd5 {[%clk 00:14:06]} {[%emt 00:00:29]} 6. d3 {[%clk 00:14:22]} {[%emt
00:00:18]} Be6 {[%clk 00:13:38]} {[%emt 00:00:30]} 7. Bg5 {[%clk 00:14:03]}
{[%emt 00:00:20]} Be7 {[%clk 00:13:04]} {[%emt 00:00:36]} 8. Nh3 {[%clk
00:13:44]} {[%emt 00:00:21]} h6 {[%clk 00:12:44]} {[%emt 00:00:23]} 9. Bxf6
{[%clk 00:13:31]} {[%emt 00:00:15]} Bxf6 {[%clk 00:12:39]} {[%emt 00:00:07]} 10.
Nf4 {[%clk 00:13:29]} {[%emt 00:00:04]} Bxc3+ {[%clk 00:09:26]} {[%emt
00:03:16]} 11. bxc3 {[%clk 00:13:26]} {[%emt 00:00:04]} g5 {[%clk 00:09:24]}
{[%emt 00:00:05]} 12. Nxe6 {[%clk 00:12:17]} {[%emt 00:01:10]} fxe6 {[%clk
00:09:23]} {[%emt 00:00:03]} 13. e4 {[%clk 00:11:45]} {[%emt 00:00:34]} Qf6
{[%clk 00:08:51]} {[%emt 00:00:34]} 14. O-O {[%clk 00:11:25]} {[%emt 00:00:21]}
Qxc3 {[%clk 00:07:08]} {[%emt 00:01:46]} 15. Qh5+ {[%clk 00:11:12]} {[%emt
00:00:14]} Kd8 {[%clk 00:06:54]} {[%emt 00:00:17]} 16. exd5 {[%clk 00:11:01]}
{[%emt 00:00:13]} exd5 {[%clk 00:06:53]} {[%emt 00:00:03]} 17. Bxd5 {[%clk
00:10:52]} {[%emt 00:00:10]} Nc6 {[%clk 00:06:50]} {[%emt 00:00:05]} 18. Bxc6
{[%clk 00:09:39]} {[%emt 00:01:15]} bxc6 {[%clk 00:06:50]} {[%emt 00:00:03]} 19.
Qf7 {[%clk 00:09:25]} {[%emt 00:00:15]} Re8 {[%clk 00:06:12]} {[%emt 00:00:40]}
20. Rab1 {[%clk 00:09:04]} {[%emt 00:00:23]} Re7 {[%clk 00:05:56]} {[%emt
00:00:19]} 21. Qf8+ {[%clk 00:08:58]} {[%emt 00:00:07]} Re8 {[%clk 00:05:55]}
{[%emt 00:00:04]} 22. Qd6+ {[%clk 00:08:56]} {[%emt 00:00:03]} Kc8 {[%clk
00:05:53]} {[%emt 00:00:04]} 23. Qxc6+ {[%clk 00:08:54]} {[%emt 00:00:04]} 1-0

[ePGN "0.1;DGT LiveChess/2.2.5"]